| 000 | 00559nam a22001817a 4500 | ||
|---|---|---|---|
| 008 | 160527b xxu||||| |||| 00| 0 eng d | ||
| 020 | _a9812439668 | ||
| 082 |
_22002 _aDC 685.403811 _bO71m |
||
| 100 |
_99327 _aOz, Effy |
||
| 245 |
_aManagement information systems/ _cEffy Oz. |
||
| 250 | _aThird edition | ||
| 260 |
_aAustralia: _bThomson Learning, _cc2002. |
||
| 300 |
_axxxi, 751 pages: _billustrations; _c24 cm. |
||
| 500 | _aIncludes glossary and index. | ||
| 650 | 0 |
_99331 _aManagement information systems |
|
| 365 |
_b495.00 _cPhp |
||
| 942 |
_2ddc _cDC |
||
| 999 |
_c2813 _d2813 |
||